Las 50 bandas de Rock más grandes de la historia - Estadísticas

Estadísticas generales
  • Esta prueba ha sido intentada 1.871 veces
    1.851 desde el último reinicio
  • La puntuación promedio es 16 de 50
Estadísticas de respuestas
Orden Años en activo Género Respuesta % Correcto
1 1960-1970 Rock and Roll, Rock Psicodélico, Pop Rock The Beatles
91%
2 1962- Presente Rock and Roll, Hard Rock, Blues Rock The Rolling Stones
86%
9 1981- Presente Heavy Metal, Trash Metal, Speed Metal Metallica
81%
11 1987-1994 Rock Alternativo, Hard Rock, Grunge Nirvana
79%
3 1970- 1995, 2004-Presente Glam Rock, Hard Rock, Pop Rock Queen
77%
4 1973- Presente Hard Rock, Rock and Roll, Heavy Metal AC/DC
75%
10 1985- Presente Hard Rock, Heavy Metal, Punk Rock Guns N´Roses
67%
5 1968-1980 Hard Rock, Heavy Metal, Folk Rock Led Zeppelin
64%
7 1965-1995 Rock Psicodélico, Rock Sinfónico, Rock Experimental Pink Floyd
64%
18 1968-2006 Hard Rock, Heavy Metal Black Sabbath
50%
20 1973- Actualidad Glam Rock, Hard Rock, Heavy Metal Kiss
50%
25 1975- Presente Hard Rock, Heavy Metal Iron Maiden
42%
45 1986- Presente Punk Rock, Pop Punk, Rock Alternativo Green Day
40%
24 1991-2009 BritPop, Rock Alternativo, Rock and Roll Oasis
39%
16 1974-1996 Punk Rock, Hardcore Punk Ramones
39%
14 1965-1973 Rock Psicodélico, Blues Rock, Rock Experimental The Doors
39%
32 1983- Presente Funk Rock, Hard Rock, Rap Rock Red Hot Chili Peppers
37%
13 1970- Presente Hard Rock, Pop Rock, Blues Rock Aerosmith
36%
12 1975-1978 Punk Rock Sex Pistols
35%
6 1964-1982, 1996- Presente Hard Rock, Rock and Roll, Rock Psicodélico The Who
35%
8 1976- Presente Post Punk, Rock Alternativo, Rock Electrónico U2
35%
29 1983- Presente Glam Metal, Hard Rock, Pop Rock Bon Jovi
34%
26 1977-1984 Post Punk, Reggae, Ska The Police
31%
31 1968- 1976, 1984- Presente Hard Rock, Blues Rock, Rock Psicodélico Deep Purple
28%
15 1976-1986 Punk Rock, Post Punk, Rockabilly The Clash
28%
36 1976- Presente Rock Gótico, Post Punk, Rock Alternativo The Cure
26%
34 1990- Presente Grunge, Hard Rock, Folk Rock Pearl Jam
25%
30 1985- Presente Rock Alternativo, Rock Electrónico, Rock Experimental Radiohead
25%
22 1961- Presente Rock and Roll, Surf Rock, Pop Rock Beach Boys
23%
44 1967- Presente Folk Rock, Blues Rock, Pop Rock Fleetwood Mac
20%
43 1977-1995 Blues Rock, Rock and Roll, Pub Rock Dire Straits
19%
27 1982-1987 Post Punk, Pop Rock, Indie Rock The Smiths
19%
40 1967-1972 Blues Rock, Rock and Roll, Hard Rock Creedence Clearwater Revival
18%
46 1981-Presente Hard Rock, Heavy Metal, Glam Metal Motley Crue
18%
38 1981-2003 Heavy Metal, Trash Metal, Groove Metal Pantera
18%
21 1971-1980, 1994-Actualidad Folk Rock, Country Rock, Blues Rock Eagles
17%
33 1969-1992,1996- Presente Hard Rock, Heavy Metal, Speed Metal Judas Priest
16%
39 1966-1968 Rock Psicodélico, Blues Rock, Hard Rock Cream
14%
47 1984-1997 Grunge, Hard Rock, Metal Alternativo Soundgarden
14%
41 1980- Presente Rock Electrónico, Rock Alternativo, Pop Rock Depeche Mode
12%
23 1975-2015 Rock and Roll, Hard Rock, Speed Metal Motorhead
12%
49 1963-1969, 1992-Presente Hard Rock, Blues Rock, Garage Rock The Animals
12%
17 1963-1996, 2018- Presente Hard Rock, Garage Rock, Pop Rock The Kinks
12%
35 1964-1977, 1987- Actualidad Rock Sureño, Hard Rock, Blues Rock Lynyrd Skynyrd
10%
19 1964-1973 Garage Rock, Rock Experimental, Art Rock Velvet Underground
7%
28 1967-1977 Glam Rock, Hard Rock, Rock Psicodélico T Rex
6%
48 1967-2014 Folk Rock, Rock Progresivo, Hard Rock Jethro Tull
4%
50 1967-1974, 2003-2016 Garage Rock, Hard Rock, Punk Rock The Stooges
4%
37 1963-1968 Rock Psicodélico, Blues Rock The Yardbirds
4%
42 1969-1983, 2019- Presente Rock Celta, Hard Rock, Heavy Metal Thin Lizzy
3%
No se encontraron pruebas coincidentes
Distribución de puntuación
Porcentaje de gente con cada puntuación
Porcentaje por número respondido
Historial de tus puntuaciones
No has intentado esta prueba desde el último reinicio